Functional validation of the promoter of Hevea Beta-1,3-glucanase gene isoform in transgenic tobacco (Record no. 74220)

MARC details
000 -LEADER
fixed length control field 00489nam a2200145Ia 4500
100 ## - MAIN ENTRY--AUTHOR NAME
Personal name Anoja Kurien
245 #0 - TITLE STATEMENT
Title Functional validation of the promoter of Hevea Beta-1,3-glucanase gene isoform in transgenic tobacco
260 ## - PUBLICATION, DISTRIBUTION, ETC. (IMPRINT)
Name of publisher Cochin university of Science and technology
Place of publication Cochin
Year of publication 2011
300 ## - PHYSICAL DESCRIPTION
Number of Pages 71
500 ## - GENERAL NOTE
General note Course: MSc Biotec
700 ## - ADDED ENTRY--PERSONAL NAME
Personal name Dr A Thulaseedharan
850 ## - HOLDING INSTITUTION
Holding institution Rubber Research Institute of India
942 ## - ADDED ENTRY ELEMENTS (KOHA)
Koha item type Theses
Holdings
Withdrawn status Lost status Damaged status Not for loan Collection code Home library Current library Shelving location Date acquired Koha item type
      Theses Dissertation RRII Library RRII Library Biotechnology 31/12/2021 Theses